Fast Typing Numbers Extreme Edition - Statistics

General Stats
  • This quiz has been taken 43 times
  • The average score is 10 of 38
Answer Stats
Hint Answer % Correct
1 1
100%
12 12
97%
123 123
97%
1234 1234
93%
12345 12345
90%
123456 123456
90%
1234567 1234567
87%
12345678 12345678
80%
123456789 123456789
63%
1234567890 1234567890
50%
2 2
30%
0 0
17%
12345678901 12345678901
17%
09 09
10%
123345 123345
10%
123456789012 123456789012
10%
24 24
10%
098 098
7%
0987 0987
7%
1223 1223
7%
12344567 12344567
7%
09876 09876
3%
098765 098765
3%
0987654 0987654
3%
09876543 09876543
3%
098765432 098765432
3%
0987654321 0987654321
3%
09876543210 09876543210
3%
098765432109 098765432109
3%
0987654321098 0987654321098
3%
09876543210987 09876543210987
3%
098765432109876 098765432109876
3%
1234567890123 1234567890123
3%
12345678901234 12345678901234
3%
123456789012345 123456789012345
3%
246 246
3%
2468 2468
3%
24680 24680
3%
No matching quizzes found
Score Distribution
Percent of People with Each Score
Percentile by Number Answered
Your Score History
You have not taken this quiz